000 00638 a2200169 4500
003 Nust
005 20220818082426.0
020 _a8181472012
040 _cNust
082 _a005.133,PRO
245 _aProgramming and problem solving through C /
_cUPTEC Shaping the future
260 _aindia
_bElsevier
_c2004
300 _a340p
505 _aOverview Of Programming (Page-3), Fundamentals Of Programming (Page-41), Advanced Programming Techniques (Page-99), Dynamic Data Structures (Page-173), File Handling In C (Page-253), C Preprocessor (Page-266).
650 _aProblem solving through C
_997890
942 _2ddc
_cBK
_k005.133,PRO
999 _c179640
_d179640